000 00775nam a22002177a 4500
005 20240530110404.0
008 150129s2011 ua g b 000 0 ara d
040 _aEG-CaGPL
041 0 _aara
082 0 4 _221
_a190\
_bع م
100 0 _aعباس محمد حسن سليمان
245 1 0 _aمدخل الى الفلسفة فى القرن الحادى و العشرين /
_cعباس محمد حسن سليمان
260 _aالاسكندرية :
_bدار المعرفة الجامعية ،
_c2011
300 _a287 ص ؛
_c24 سم
504 _aببليوجرافية : ص 251 - 286
650 0 4 _aالفلسفة
650 0 4 _aالفلسفة
_xعلم
650 0 4 _aالفلسفة
_xالعولمة
942 _2ddc
_cBK
999 _c60328
_d60328